Bom dia, todas as cores (Record no. 75346)
[ view plain ]
| 000 -LÍDER | |
|---|---|
| campo de controle de tamanho fixo | 00358 a2200157 4500 |
| 001 - NÚMERO DE CONTROLE | |
| campo de controle | 75346 |
| 020 ## - ISBN - INTERNATIONAL STANDARD BOOK NUMBER | |
| ISBN - International Standard Book Number | 9788516085773 |
| 040 ## - FONTE DA CATALOGAÇÃO | |
| Instituição que transcreveu o registro | Anchieta - Colégio São Paulo |
| 100 ## - ENTRADA PRINCIPAL--NOME PESSOAL | |
| Nome pessoal | Rocha, Ruth |
| 240 10 - TÍTULO UNIFORME | |
| Título uniforme | Bom dia, todas as cores |
| Idioma da obra | por |
| 245 10 - TÍTULO | |
| Título | Bom dia, todas as cores |
| 300 ## - DESCRIÇÃO FÍSICA | |
| Extensão | 38 |
| 362 0# - DATAS DE PUBLICAÇÃO E/OU DESIGNAÇÃO SEQUENCIAL | |
| Datas de publicação e/ou designação sequencial | 2013 |
| 650 #4 - ASSUNTO--TERMO TÓPICO | |
| Cabeçalho tópico ou nome geográfico | Literatura infantil |
| 942 ## - ELEMENTOS DE ENTRADA ADICIONADOS (KOHA) | |
| Tipo de material Koha | Livros |
| Situação do descarte | Situação das perdas | Situação física | Não pode ser emprestado | Biblioteca de origem | Biblioteca atual | Data de aquisição | Total de empréstimos | Número de chamada completo | Código de barras | Data de último acesso | Data do preço efetivo | Tipo de material Koha | Fonte da classificação ou esquema de arquivamento na estante | Data do último empréstimo | Número do exemplar |
|---|---|---|---|---|---|---|---|---|---|---|---|---|---|---|---|
| Colégio São Paulo | Colégio São Paulo | 22/11/2023 | LI 028.5 R672b | 6838/CSP | 22/11/2023 | 22/11/2023 | Livros | ||||||||
| Portinari - Salvador | Portinari - Salvador | 29/04/2024 | 1 | 028.5 R672b | 22/CCP | 19/06/2024 | 29/04/2024 | Livros | 24/05/2024 | Ex. 1 |